Popálené dieťa

Bibliographic Details
Main Author: Dagerman, Stig, 1923-1954 (Author)
Other Authors: Chmelová-Handzová, Teodora, 1949- (Translator)
Format: Book
Language:Slovak
Swedish
PhysicalDescription:191 s. 20 cm
Published: Bratislava Slovenský spisovateľ 2005
ISBN:8022013161
Edition:[1. vyd.]
Subjects:

MARC

LEADER 00000cam a2200000 a 4500
001 vtls008412886
003 SK-MaSNL
005 20260302074843.0
008 160610s2005 xo g 000 f slo
015 |a SNBA2006/03-01259 
020 |a 8022013161  |q (viaz.) 
035 |a ED64E720-25AC-4EB8-8E89-47409F3C9C9C 
035 |a urn:nbn:sk:snk-aml61x 
035 |a urn:nbn:sk:snk-am008v1k 
040 |a SNK  |b slo  |c SNK  |e AACR2 
041 1 |a slo  |h swe 
044 |a xo  |c SK 
072 7 |a 821.11  |x Germánske literatúry  |2 konspekt 
080 |a 821.112.2-31  |2 1997 
100 1 |a Dagerman, Stig,  |d 1923-1954  |4 aut  |9 214589 
240 1 0 |a Bränt barn  |l Slovensky 
245 1 0 |a Popálené dieťa  |c Stig Dagerman; [zo švédskeho originálu Bränt barn ... preložila Teodora Handzová-Chmelová] 
250 |a [1. vyd.] 
260 |a Bratislava  |b Slovenský spisovateľ  |c 2005 
300 |a 191 s.  |c 20 cm 
655 7 |a švédske romány  |2 SNKPH  |9 70708 
700 1 |a Chmelová-Handzová, Teodora,  |d 1949-  |4 trl  |9 104526 
919 |a 80-220-1316-1 
958 |a OND 
999 |c 1166813  |d 1168743 
952 |a SNK  |b SNK  |y PREZ  |7 0  |p 17A0491282  |o snkSC 121897  |i snk2005/20529  |8 0  |0 0  |1 0  |4 0  |d 2005-12-01  |f 1  |l 0  |r 2025-06-02 00:00:00  |w 2026-02-24 
952 |a SNK  |b SNK  |y PREZ  |7 0  |p 17A0494798  |o snkSC 121897 D1  |i snk2006/1126  |8 0  |0 0  |1 0  |4 0  |d 2006-01-18  |l 0  |r 2026-02-24 20:51:23  |w 2026-02-24